00707nam a2200253 a 4500001001300000003000900013005001700022008004100039020001200080082001800092100002500110245002100135260003400156300000900190500003500199505001300234650001900247650001300266700002500279902000800304942000700312952011900319999001500438nice12345678IN_TiNIC20260116013057.0050524s1979 newa grp 000 0 eng  ac355.500a294.3923bLHA aLhalungpa, Lobsang P aLife of Milarepa aNew YorkbPenguin Booksc1979 a220p aincludes index and biblioraphy2 aGlossary aBuddhism-Tibet aMilarepa1 aLhalungpa, Lobsang P bSRS cBK 001040708StackRoom-aHMIbHMId2007-07-20g355.50l0o294.3923 LHAp016038r2007-07-20v355.50w2005-05-24yBK c9558d9558